000 01048nam a22002897a 4500
001 3136
003 FISKH
005 20251126091632.0
008 240208b cb ||||| |||| 00| 0 eng d
020 _a9780590462259
040 _aFISKH
_beng
_cFISKH
_dFISKH
050 _aPZ7.P4445
082 _a813.54
100 _aPeterson, John
245 _aThe Littles /
_cby John Peterson ; Interior illustrations by Roberta Carter Clark
250 _aThis edition first printing, August 2007
260 _aNew York :
_bScholastic,
_c1967
300 _a80 pages :
_billustrations ;
_c20 cm
505 _aN
520 _aThe Littles are a family of tiny people who live in the Bigg family's house. Mr. Little is only six inches tall, and he is big for a Little. The Littles develop a plan to get rid of the mice in the Bigg's house.
521 8 _a590
_bLexile
521 8 _aN
_bRaz-Plus
650 _aFantasy
_vChildren's Fiction
650 _aAdventure
700 _aClark, Roberta Carter
_eillustrator
942 _2ddc
_cBK
_n0
999 _c3136
_d3136